Dont' touch! / (Record no. 104296)
[ view plain ]
| 000 -LEADER | |
|---|---|
| fixed length control field | 00666nam a2200181 a 4500 |
| 005 - DATE AND TIME OF LATEST TRANSACTION | |
| control field | 20140412111318.0 |
| 008 - FIXED-LENGTH DATA ELEMENTS--GENERAL INFORMATION | |
| fixed length control field | 000821s19uu xx 00 eng d |
| 020 ## - INTERNATIONAL STANDARD BOOK NUMBER | |
| International Standard Book Number | 0-8075-1707-0 |
| 050 ## - LIBRARY OF CONGRESS CALL NUMBER | |
| Classification number | TR(PS E |
| Item number | Do65 1985 |
| 100 ## - MAIN ENTRY--PERSONAL NAME | |
| Personal name | Kline, Suzy |
| 245 ## - TITLE STATEMENT | |
| Title | Dont' touch! / |
| Statement of responsibility, etc | Suzy Kline ; pictures by Dora Leder. |
| 260 ## - PUBLICATION, DISTRIBUTION, ETC. (IMPRINT) | |
| Place of publication, distribution, etc | Morton Grove, Illinois : |
| Name of publisher, distributor, etc | Albert Whitman & Company, |
| Date of publication, distribution, etc | 1985. |
| 300 ## - PHYSICAL DESCRIPTION | |
| Extent | 1 v. (unp.) ; ill. |
| 520 ## - SUMMARY, ETC. | |
| Summary, etc | When all the grown-ups constantly say, "Don't touch!" Dan finds somehting he can safely squeeze, smash, and pound to his heart's content. |
| 650 ## - SUBJECT ADDED ENTRY--TOPICAL TERM | |
| Topical term or geographic name as entry element | Children's stories, America |
| 650 ## - SUBJECT ADDED ENTRY--TOPICAL TERM | |
| Topical term or geographic name as entry element | Behavior-fiction |
| Withdrawn status | Lost status | Damaged status | Home library | Current library | Shelving location | Date acquired | Source of acquisition | Total Checkouts | Full call number | Barcode | Date last seen | Price effective from | Koha item type |
|---|---|---|---|---|---|---|---|---|---|---|---|---|---|
| Elizalde Library | Elizalde Library | Teachers Reference Section | 08/21/2000 | TR(PS E Do65 1985 | E7315 | 04/12/2014 | 04/12/2014 | Books |